| 000 | 00892nam a22003017a 4500 | ||
|---|---|---|---|
| 001 | 000596 | ||
| 003 | DO-SdBNP | ||
| 005 | 20171213102907.0 | ||
| 007 | 000596 | ||
| 008 | 161025b 1995 sp a ||||| |||| 00| 0 spa d | ||
| 020 | _a8476294220 | ||
| 040 |
_aBPMSU _bspa _cBPMSU |
||
| 082 |
_axxxx _bxxxx |
||
| 100 | 1 |
_aDesclot, Miquel, _d1952- |
|
| 245 | 1 | 0 |
_aA la punta de la llengua / _cMiquel Desclot ; il·lustracions, Pep Montserrat. |
| 250 | _a5a ed. | ||
| 260 |
_aBarcelona : _bCruïlla, _c1995. |
||
| 300 |
_a104 p. : _bil. ; _c19 cm. |
||
| 490 |
_aEl vaixell de vapor _v28 |
||
| 490 | _aVermella | ||
| 650 | _aCuentos infantiles, español. | ||
| 650 | _a Literatura juvenil española - Siglo XX. | ||
| 830 | 0 |
_aEl vaixell de vapor ; _v28 |
|
| 830 | 0 | _aVe | |
| 942 |
_2ddc _cBK |
||
| 945 | _ainventariado extranjero / DG | ||
| 956 |
_2LOPEREZ _310 _620161025 _8BPMSU _a00041 |
||
| 999 |
_c11674 _d11674 |
||